Narrative of riots at Alton: (Record no. 52209)

MARC details
000 -LEADER
fixed length control field 00681cam a22002171 4500
001 - CONTROL NUMBER
control field rc 01001955
003 - CONTROL NUMBER IDENTIFIER
control field DLC
005 - DATE AND TIME OF LATEST TRANSACTION
control field 20260227111905.0
008 - FIXED-LENGTH DATA ELEMENTS--GENERAL INFORMATION
fixed length control field 760220s1838 ilu 000 0 eng
010 ## - LIBRARY OF CONGRESS CONTROL NUMBER
LC control number rc 01001955
035 ## - SYSTEM CONTROL NUMBER
System control number (OCoLC)2003603
040 ## - CATALOGING SOURCE
Original cataloging agency DLC
Transcribing agency MiOC
Modifying agency DLC
042 ## - AUTHENTICATION CODE
Authentication code premarc
050 00 - LIBRARY OF CONGRESS CALL NUMBER
Classification number F549.A4
Item number B4
100 1# - MAIN ENTRY--PERSONAL NAME
Personal name Beecher, Edward,
Dates associated with a name 1803-1895.
245 00 - TITLE STATEMENT
Title Narrative of riots at Alton:
Remainder of title in connection with the death of Rev. Elijah P. Lovejoy.
Statement of responsibility, etc. By Red. Edward Beecher ...
260 ## - PUBLICATION, DISTRIBUTION, ETC.
Place of publication, distribution, etc. Alton [Ill.]
Name of publisher, distributor, etc. G. Holton,
Date of publication, distribution, etc. 1838.
300 ## - PHYSICAL DESCRIPTION
Extent 159 p.
Dimensions 19 cm.
651 #0 - SUBJECT ADDED ENTRY--GEOGRAPHIC NAME
Geographic name Alton (Ill.)
General subdivision Riot, 1837.
600 10 - SUBJECT ADDED ENTRY--PERSONAL NAME
Personal name Lovejoy, Elijah P.
Fuller form of name (Elijah Parish),
Dates associated with a name 1802-1837

No items available.

Powered by Koha